Ohrožené benefity ?

Snaha o udržanie benefitov pre zamestnancov v čase hospodárskej krízy. Najčastejšie poskytované benefity, najúčinnejšie benefity pre zvýšenie motivácie zamestnancov.

Gespeichert in:
Bibliographische Detailangaben
1. Verfasser: Šimek, Jan
Format: Buchkapitel
Sprache:Tschechisch
Schlagworte:
Tags: Tag hinzufügen
Keine Tags, Fügen Sie das erste Tag hinzu!

MARC

LEADER 00000naa$a2200000$$$4500
001 0092348
005 20230804111628.6
041 0 |a cze 
044 |a CZ 
245 1 0 |a Ohrožené benefity ?  |c Jan Šimek 
520 |a Snaha o udržanie benefitov pre zamestnancov v čase hospodárskej krízy. Najčastejšie poskytované benefity, najúčinnejšie benefity pre zvýšenie motivácie zamestnancov. 
610 2 0 |a zamestnanci 
610 2 0 |a motivácia pracovná 
610 2 0 |a podnety k práci 
610 2 0 |a stimulovanie 
610 2 0 |a kríza hospodárska 
610 2 0 |a Česko 
100 1 |a Šimek, Jan